[Event "Tournament 14459 - Europe Echecs"]
[Site "Europe Echecs"]
[Date "2020.07.07"]
[Round "1"]
[Time "14:15:03"]
[PlyCount "81"]
[White "BainthouverezA"]
[Black "CastagnerolCer"]
[WhiteElo "1058"]
[BlackElo "1332"]
[Mode "WEB"]
[Result "0-1"]

1. c4 e5 2. e3 Nf6 3. Nc3 Be7 4. g3 O-O 5. Bg2 d6 6. Nge2 Nc6 7. O-O Bd7 8. b3
Qc8 9. Bb2 Bh3 10. Qc2 Bxg2 11. Kxg2 Qe6 12. h3 Rad8 13. Ne4 Nxe4 14. Qxe4 f5
15. Qc2 d5 16. d3 dxc4 17. dxc4 Rd7 18. Rfd1 Rfd8 19. Bc3 Bb4 20. Qb2 Rxd1 21.
Bxb4 Nxb4 22. Qc3 Rxa1 23. Qxa1 Nc6 24. Nc3 a6 25. e4 fxe4 26. Nxe4 b6 27. f3
Qf7 28. Qb1 Nd4 29. Ng5 Qh5 30. h4 g6 31. Qe4 Rf8 32. g4 Qh6 33. Kg3 Qg7 34.
Qd5+ Kh8 35. Ne6 Qf7 36. Qxe5+ Kg8 37. Qe3 Nxe6 38. g5 Qf4+ 39. Qxf4 Nxf4 40.
Kf2 Re8 {BainthouverezA a perdu au temps} 0-1

[Event "Tournament 14459 - Europe Echecs"]
[Site "Europe Echecs"]
[Date "2020.07.07"]
[Round "1"]
[Time "14:15:03"]
[PlyCount "49"]
[White "SauerMathis"]
[Black "QuenehenNassim"]
[WhiteElo "1058"]
[BlackElo "1322"]
[Mode "WEB"]
[Result "0-1"]

1. e4 e5 2. Nf3 Nf6 3. Nc3 Nc6 4. Bc4 Bc5 5. O-O d6 6. d3 Bg4 7. Be3 Nd4 8. Bxd4
Bxd4 9. h3 Bh5 10. Rb1 O-O 11. Nd5 Nxd5 12. Bxd5 c6 13. Bb3 b5 14. c3 Bb6 15.
Qe2 Qf6 16. Bd1 Rfe8 17. Rc1 d5 18. exd5 cxd5 19. Rc2 e4 20. dxe4 dxe4 21. Qxb5
exf3 22. Qxh5 fxg2 23. Kxg2 Re5 24. Qh4 Qxh4 {SauerMathis a abandonné} 0-1

[Event "Tournament 14459 - Europe Echecs"]
[Site "Europe Echecs"]
[Date "2020.07.07"]
[Round "1"]
[Time "14:15:03"]
[PlyCount "34"]
[White "BenseddikYanis"]
[Black "TurcuDavid"]
[WhiteElo "1320"]
[BlackElo "1056"]
[Mode "WEB"]
[Result "0-1"]

1. e4 e5 2. Nf3 Nc6 3. Bc4 Bc5 4. c3 d6 5. d4 exd4 6. cxd4 Bb6 7. d5 Nce7 8. Nc3
c6 9. dxc6 Nxc6 10. Ng5 Ne5 11. Bf4 Nxc4 12. Qd5 Qc7 13. b3 Ne5 14. Bxe5 dxe5
15. Rc1 Qe7 16. Nf3 Nf6 17. Nb5 {BenseddikYanis a abandonné} 0-1

[Event "Tournament 14459 - Europe Echecs"]
[Site "Europe Echecs"]
[Date "2020.07.07"]
[Round "1"]
[Time "14:15:03"]
[PlyCount "113"]
[White "OliveiraMateo"]
[Black "LuuFreundEstel"]
[WhiteElo "1317"]
[BlackElo "1046"]
[Mode "WEB"]
[Result "0-1"]

1. e4 e5 2. Nf3 Nc6 3. d4 exd4 4. Nxd4 Nf6 5. Nc3 Bb4 6. Nxc6 bxc6 7. Bd2 Bxc3
8. Bxc3 Nxe4 9. Qe2 Qe7 10. f3 Nxc3 11. Qxe7+ Kxe7 12. bxc3 Re8 13. Kf2 d6 14.
Rb1 Be6 15. c4 Kd7 16. Bd3 d5 17. cxd5 cxd5 18. Rhe1 Re7 19. Bb5+ c6 20. Ba6
Rae8 21. Rb7+ Kd6 22. Rxe7 Rxe7 23. Bd3 g6 24. Kg1 c5 25. Bb5 d4 26. c4 g5 27.
g4 f5 28. h3 a6 29. Ba4 Bxc4 30. Rxe7 Kxe7 31. Bb3 Bxb3 32. axb3 fxg4 33. fxg4
Kd6 34. Kf2 Ke5 35. Kf3 h6 36. Kf2 Ke4 37. Kf1 Ke3 38. Ke1 d3 39. Kd1 d2 40. Kc2
Ke2 41. b4 d1=Q+ 42. Kc3 cxb4+ 43. Kxb4 a5+ 44. Kc5 Qd3 45. Kc6 Qd4 46. Kb5 a4
47. Kc6 a3 48. Kb7 Qc5 49. Kb8 Qc6 50. h4 Kd3 51. hxg5 hxg5 52. Ka7 Qb5 53. Ka8
Kc4 54. Ka7 Kc5 55. Ka8 Kc6 56. Ka7 Qb7# {OliveiraMateo est échec et mat} 0-1

[Event "Tournament 14459 - Europe Echecs"]
[Site "Europe Echecs"]
[Date "2020.07.07"]
[Round "1"]
[Time "14:15:03"]
[PlyCount "123"]
[White "FortinGuilhem"]
[Black "ZylbersztejnDo"]
[WhiteElo "1043"]
[BlackElo "1316"]
[Mode "WEB"]
[Result "0-1"]

1. e4 e5 2. Nf3 Nc6 3. Nc3 Bb4 4. Bb5 d6 5. a3 Ba5 6. b4 Bb6 7. Bxc6+ bxc6 8. a4
a5 9. bxa5 Bxa5 10. O-O Nf6 11. Bb2 O-O 12. Re1 Bg4 13. h3 Bh5 14. Qe2 Re8 15.
Qe3 Qd7 16. Nh2 Rab8 17. Ba3 Bxc3 18. dxc3 d5 19. exd5 cxd5 20. Reb1 Rxb1+ 21.
Rxb1 Qxa4 22. Rb3 Bg6 23. Qe2 Bh5 24. Qd2 c6 25. Qc1 Qa7 26. Bb2 Ne4 27. Qe3 Qd7
28. Ra3 h6 29. Ra4 Nf6 30. c4 d4 31. Qd3 Bg6 32. Qg3 Bxc2 33. Rb4 Bg6 34. Rb3
Qe6 35. Rb4 c5 36. Ra4 Rb8 37. Ba3 Rc8 38. h4 Ne4 39. Qf3 Nc3 40. Ra5 Qxc4 41.
Bc1 Ne2+ 42. Kh1 Qxc1+ 43. Nf1 Qxf1+ 44. Kh2 Qg1+ 45. Kh3 Nf4+ 46. Kg4 h5+ 47.
Kg3 Qe1 48. Kh2 Qxa5 49. g3 Ne6 50. Kg2 e4 51. Qe2 f5 52. f4 e3 53. Kf3 Be8 54.
Kg2 Bc6+ 55. Kf1 Qd2 56. Qxd2 exd2 57. Ke2 c4 58. Kxd2 c3+ 59. Kc2 Be4+ 60. Kc1
Rb8 61. g4 Rb1# {FortinGuilhem est échec et mat} 0-1

[Event "Tournament 14459 - Europe Echecs"]
[Site "Europe Echecs"]
[Date "2020.07.07"]
[Round "1"]
[Time "14:15:03"]
[PlyCount "46"]
[White "ContieLilio"]
[Black "DespauxAxel"]
[WhiteElo "1315"]
[BlackElo "1041"]
[Mode "WEB"]
[Result "1-0"]

1. e4 c5 2. c3 g6 3. d4 cxd4 4. cxd4 Bg7 5. Nc3 e6 6. Nf3 d5 7. exd5 exd5 8. Bf4
Nf6 9. Bb5+ Nc6 10. O-O O-O 11. Re1 Bg4 12. h3 Bf5 13. Qd2 Ne4 14. Nxe4 Bxe4 15.
Bxc6 bxc6 16. Ne5 Bxe5 17. dxe5 Re8 18. Rad1 Bf5 19. Qc3 Qd7 20. Bh6 Be6 21. Qf3
Rab8 22. Qf6 Qe7 23. Qg7# {DespauxAxel est échec et mat} 1-0

[Event "Tournament 14459 - Europe Echecs"]
[Site "Europe Echecs"]
[Date "2020.07.07"]
[Round "1"]
[Time "14:15:03"]
[PlyCount "77"]
[White "LemoalAssiya"]
[Black "DabremontGuill"]
[WhiteElo "1040"]
[BlackElo "1311"]
[Mode "WEB"]
[Result "0-1"]

1. e4 e5 2. Nf3 Nc6 3. Be2 Nf6 4. Nc3 Bc5 5. Bc4 Ng4 6. h3 Nxf2 7. Qe2 Nxh1 8.
Qd3 Bf2+ 9. Kf1 Bc5 10. b4 Ng3+ 11. Ke1 Be7 12. Nb5 O-O 13. Qb3 Bh4 14. Nxh4
Qxh4 15. Ba3 Nxe4+ 16. Kd1 Nf2+ 17. Kc1 Nd4 18. Nxd4 Qxd4 19. c3 Nd3+ 20. Bxd3
Qxd3 21. Kb2 Qxd2+ 22. Qc2 Qxc2+ 23. Kxc2 d5 24. Re1 Bf5+ 25. Kb3 Rfe8 26. b5
Rad8 27. c4 d4 28. Bc5 b6 29. Bb4 d3 30. Bd2 e4 31. Bg5 d2 32. Rd1 Rd3+ 33. Kc2
e3 34. Rxd2 Rxd2+ 35. Kc1 Rxa2 36. Kd1 e2+ 37. Ke1 Ra1+ 38. Kd2 e1=Q# {LemoalAssiya est échec et mat} 0-1

[Event "Tournament 14459 - Europe Echecs"]
[Site "Europe Echecs"]
[Date "2020.07.07"]
[Round "1"]
[Time "14:15:03"]
[PlyCount "35"]
[White "HanszJules"]
[Black "BriandEdouard"]
[WhiteElo "1310"]
[BlackElo "1038"]
[Mode "WEB"]
[Result "0-1"]

1. e4 e5 2. Nf3 Nc6 3. Bc4 Be7 4. Nc3 Nf6 5. d3 O-O 6. Bg5 h6 7. Bh4 d6 8. O-O
Bg4 9. h3 Bh5 10. g4 Nxg4 11. hxg4 Bxg4 12. Bxe7 Qxe7 13. Re1 Nd4 14. Kf1 Bxf3
15. Qd2 Qh4 16. Ne2 Qh1+ 17. Ng1 Bg2# {HanszJules est échec et mat} 0-1

[Event "Tournament 14459 - Europe Echecs"]
[Site "Europe Echecs"]
[Date "2020.07.07"]
[Round "1"]
[Time "14:15:03"]
[PlyCount "104"]
[White "LefrancoisJean"]
[Black "DavoustNicolas"]
[WhiteElo "1038"]
[BlackElo "1300"]
[Mode "WEB"]
[Result "1-0"]

1. d4 d5 2. Nc3 Nf6 3. Bf4 Bf5 4. Nb5 e5 5. dxe5 Ne4 6. e6 Nd6 7. exf7+ Kxf7 8.
Qxd5+ Ke8 9. Nxd6+ Bxd6 10. Bxd6 Qxd6 11. Qxf5 Qb4+ 12. Kd1 Nd7 13. Qe6+ Kd8 14.
e3 Re8 15. Qd5 Qxb2 16. Qd4 Qxd4+ 17. exd4 c5 18. Nf3 Kc7 19. c3 Re7 20. Bd3 h6
21. Re1 Rxe1+ 22. Kxe1 Re8+ 23. Kd2 cxd4 24. Nxd4 Nc5 25. Nb5+ Kb6 26. Rb1 Re5
27. Nd4+ Kc7 28. Rb5 Nxd3 29. Kxd3 Rxb5 30. Nxb5+ Kb6 31. Nd6 Kc6 32. Nf5 a5 33.
Nxg7 b5 34. Nf5 h5 35. Ng7 h4 36. Nf5 Kc5 37. Nxh4 b4 38. cxb4+ axb4 39. f4 Kb5
40. f5 Ka4 41. Kc2 Ka3 42. Kb1 b3 43. axb3 Kxb3 44. f6 Kc4 45. f7 Kd5 46. f8=Q
Ke6 47. Qf3 Ke5 48. g4 Ke6 49. g5 Ke5 50. g6 Ke6 51. g7 Ke5 52. g8=Q {DavoustNicolas a abandonné} 1-0

[Event "Tournament 14459 - Europe Echecs"]
[Site "Europe Echecs"]
[Date "2020.07.07"]
[Round "1"]
[Time "14:15:03"]
[PlyCount "80"]
[White "AllardNedellec"]
[Black "TriboutMarius"]
[WhiteElo "1292"]
[BlackElo "1037"]
[Mode "WEB"]
[Result "1-0"]

1. e4 e5 2. Nf3 Nc6 3. Nc3 Nf6 4. Bb5 Bb4 5. O-O O-O 6. d3 h6 7. Be3 d6 8. h3
Bd7 9. a3 Ba5 10. Qe2 a6 11. Bc4 Re8 12. b4 Bb6 13. Bb3 Bxe3 14. fxe3 Be6 15.
Bxe6 Rxe6 16. d4 exd4 17. exd4 Re8 18. Rae1 d5 19. e5 Nd7 20. Nxd5 Nb6 21. Nxb6
cxb6 22. c3 a5 23. b5 Na7 24. a4 f6 25. Qc4+ Kh8 26. Qb3 fxe5 27. Nxe5 Rc8 28.
Nf7+ Kh7 29. Nxd8 Rcxd8 30. Rxe8 Rxe8 31. Rf7 Re1+ 32. Kf2 Re8 33. Qc2+ Kh8 34.
Qg6 Rg8 35. d5 Nc8 36. d6 Nxd6 37. Qxd6 Kh7 38. Qd3+ Kh8 39. Qg6 Rf8 40. Qxg7# {TriboutMarius est échec et mat} 1-0

[Event "Tournament 14459 - Europe Echecs"]
[Site "Europe Echecs"]
[Date "2020.07.07"]
[Round "1"]
[Time "14:15:03"]
[PlyCount "116"]
[White "YakoubenBadis"]
[Black "ColinPenelope"]
[WhiteElo "1036"]
[BlackElo "1290"]
[Mode "WEB"]
[Result "1-0"]

1. e4 e5 2. Bc4 Bc5 3. Nf3 Nc6 4. Nc3 Nf6 5. O-O O-O 6. d3 a6 7. Bg5 b5 8. Bd5
Bb7 9. Bxc6 Bxc6 10. Nd5 Bxd5 11. exd5 Qe7 12. Re1 d6 13. c3 Bb6 14. c4 h6 15.
Bxf6 Qxf6 16. cxb5 axb5 17. Qb3 Ba5 18. Rec1 Rab8 19. a3 b4 20. axb4 Bxb4 21.
Rxc7 Ba5 22. Rb7 Rxb7 23. Qxb7 Bd8 24. Ra8 Qf4 25. h3 e4 26. dxe4 Qxe4 27. Qc6
Qb1+ 28. Kh2 Qxb2 29. Qxd6 Qf6 30. Qxf6 Bxf6 31. Rxf8+ Kxf8 32. Kg3 Ke7 33. Kf4
Kd6 34. Ke4 g6 35. Nd4 Bxd4 36. Kxd4 f5 37. f3 g5 38. g4 f4 39. Kc4 Kd7 40. Kc5
Kc7 41. d6+ Kd7 42. Kd5 Kc8 43. Ke6 Kd8 44. d7 h5 45. gxh5 Kc7 46. Ke7 Kc6 47.
d8=Q Kc5 48. Ke6 Kc4 49. Qxg5 Kc3 50. Qxf4 Kd3 51. Kd5 Kc3 52. Qd4+ Kb3 53. Qc4+
Kb2 54. Kd4 Ka3 55. Qb5 Ka2 56. Kc3 Ka1 57. Kc2 Ka2 58. Qb2# {ColinPenelope est échec et mat} 1-0

[Event "Tournament 14459 - Europe Echecs"]
[Site "Europe Echecs"]
[Date "2020.07.07"]
[Round "1"]
[Time "14:15:03"]
[PlyCount "42"]
[White "StrieviLeonie"]
[Black "LottiauNathan"]
[WhiteElo "1280"]
[BlackElo "1033"]
[Mode "WEB"]
[Result "1-0"]

1. e4 e5 2. Nf3 Nc6 3. Bc4 Bc5 4. Nc3 Nf6 5. d3 d6 6. Bg5 Bg4 7. Nd5 O-O 8.
Nxf6+ gxf6 9. Bh6 Re8 10. h3 Bh5 11. g4 Bg6 12. h4 Qe7 13. h5 Bxe4 14. dxe4 Rad8
15. g5 fxg5 16. Bxg5 Qd7 17. Bxd8 Qxd8 18. Rg1+ Kf8 19. Qd5 Qe7 20. Ng5 f6 21.
Qg8# {LottiauNathan est échec et mat} 1-0

[Event "Tournament 14459 - Europe Echecs"]
[Site "Europe Echecs"]
[Date "2020.07.07"]
[Round "1"]
[Time "14:15:03"]
[PlyCount "66"]
[White "DetrazLorna"]
[Black "LuxOceane"]
[WhiteElo "1032"]
[BlackElo "1273"]
[Mode "WEB"]
[Result "1-0"]

1. b4 e5 2. Bb2 d6 3. e3 Nf6 4. Nf3 Bg4 5. c4 Be7 6. d4 exd4 7. exd4 O-O 8. Bd3
Re8 9. O-O Nbd7 10. Bc2 Nb8 11. Qd3 Qd7 12. d5 g6 13. Nbd2 Qd8 14. Rfe1 Nbd7 15.
Rad1 Bf8 16. a3 Bg7 17. Re2 Rxe2 18. Qxe2 Ne5 19. Bxe5 dxe5 20. Qxe5 Nd7 21. Qe3
Nf6 22. Re1 Bd7 23. Ne4 Nxe4 24. Qxe4 a6 25. c5 b6 26. c6 Bf5 27. Qe2 Bg4 28. h3
Bc8 29. Qe8+ Qxe8 30. Rxe8+ Bf8 31. Ne5 f6 32. Nd7 Kg7 33. Nxf8 {LuxOceane a perdu au temps} 1-0

[Event "Tournament 14459 - Europe Echecs"]
[Site "Europe Echecs"]
[Date "2020.07.07"]
[Round "1"]
[Time "14:15:03"]
[PlyCount "44"]
[White "MimouneKenzi"]
[Black "FonsatJeanMarc"]
[WhiteElo "1266"]
[BlackElo "1030"]
[Mode "WEB"]
[Result "1-0"]

1. e4 e5 2. Nf3 Nf6 3. Nc3 Nc6 4. Be2 Bb4 5. d3 Bxc3+ 6. bxc3 O-O 7. O-O g6 8.
Bg5 Nb8 9. d4 Na6 10. dxe5 Nxe4 11. Bxd8 Nxc3 12. Qd3 Nb5 13. Qxb5 c6 14. Qa5 b6
15. Bxb6 Re8 16. Bxa6 axb6 17. Qxb6 Rxa6 18. Qb3 d6 19. exd6 Re6 20. Ng5 Rxd6
21. Qxf7+ Kh8 22. Qxh7# {FonsatJeanMarc est échec et mat} 1-0

[Event "Tournament 14459 - Europe Echecs"]
[Site "Europe Echecs"]
[Date "2020.07.07"]
[Round "1"]
[Time "14:15:03"]
[PlyCount "39"]
[White "LoppinTya"]
[Black "MenceEline"]
[WhiteElo "1021"]
[BlackElo "1264"]
[Mode "WEB"]
[Result "0-1"]

1. d4 d5 2. Nf3 Nf6 3. e3 Bf5 4. Bd3 Bg6 5. O-O e6 6. h3 c6 7. Bxg6 hxg6 8. Nbd2
Bd6 9. b3 Nbd7 10. Bb2 Ne4 11. Nxe4 dxe4 12. Nd2 f5 13. c4 g5 14. c5 Bc7 15. Nc4
g4 16. hxg4 Bh2+ 17. Kh1 Qh4 18. gxf5 Bg3+ 19. Kg1 Qh2# {LoppinTya est échec et mat} 0-1

[Event "Tournament 14459 - Europe Echecs"]
[Site "Europe Echecs"]
[Date "2020.07.07"]
[Round "1"]
[Time "14:15:03"]
[PlyCount "46"]
[White "CharrierShayan"]
[Black "MadatyanEdgar"]
[WhiteElo "1260"]
[BlackElo "1020"]
[Mode "WEB"]
[Result "1-0"]

1. d4 d5 2. Nf3 Nc6 3. Bf4 Nf6 4. e3 a5 5. Nbd2 Bf5 6. Bb5 Bd7 7. c3 e6 8. Bd3
Bd6 9. Bg3 Ne4 10. Nxe4 dxe4 11. Bxe4 Qf6 12. Bh4 Qh6 13. Bg5 Qh5 14. d5 exd5
15. Bxd5 Ne5 16. Nxe5 Bxe5 17. Qxh5 O-O 18. O-O Bf5 19. Be7 Rfe8 20. Bxf7+ Kh8
21. Bxe8 Bg6 22. Bxg6 Rg8 23. Qxh7# {MadatyanEdgar est échec et mat} 1-0

[Event "Tournament 14459 - Europe Echecs"]
[Site "Europe Echecs"]
[Date "2020.07.07"]
[Round "1"]
[Time "14:15:03"]
[PlyCount "86"]
[White "ZadoyanGurgen"]
[Black "ManvieuPaul"]
[WhiteElo "1256"]
[BlackElo "1018"]
[Mode "WEB"]
[Result "1-0"]

1. e4 e6 2. d4 d5 3. e5 c5 4. c3 Qb6 5. Nf3 Nc6 6. Bd3 cxd4 7. cxd4 Nb4 8. Nc3
Nxd3+ 9. Qxd3 Bb4 10. O-O Bd7 11. a3 Bxc3 12. Qxc3 Rc8 13. Qe3 f6 14. Bd2 fxe5
15. Nxe5 Qc7 16. Rac1 Qd8 17. Qf3 Nf6 18. Bg5 O-O 19. Rfe1 Rxc1 20. Rxc1 Qe8 21.
Qb3 Ne4 22. Be3 Qb8 23. Nxd7 Qa8 24. Nxf8 Qxf8 25. Qxb7 Qf7 26. Rc8+ Qf8 27.
Rxf8+ Kxf8 28. Kf1 Kg8 29. Ke2 h6 30. f3 Nf6 31. Kd3 Kh7 32. Qxa7 Kg6 33. a4 Ne8
34. a5 Nd6 35. a6 Nf5 36. Qb6 Nxe3 37. Qxe6+ Kh7 38. Kxe3 Kh8 39. Qg6 Kg8 40. a7
Kf8 41. Qe6 g5 42. Qd7 Kg8 43. a8=Q# {ManvieuPaul est échec et mat} 1-0

[Event "Tournament 14459 - Europe Echecs"]
[Site "Europe Echecs"]
[Date "2020.07.07"]
[Round "1"]
[Time "14:15:03"]
[PlyCount "54"]
[White "BernardInes"]
[Black "TaralloAurian"]
[WhiteElo "1250"]
[BlackElo "1007"]
[Mode "WEB"]
[Result "1-0"]

1. e4 e5 2. Nf3 Nc6 3. Bc4 Bc5 4. Nc3 d6 5. O-O Nf6 6. d3 h6 7. Re1 O-O 8. Be3
Bg4 9. h3 Nd4 10. Bxd4 exd4 11. Nb1 a6 12. hxg4 Nxg4 13. Nbd2 Qf6 14. Bb3 Qf4
15. g3 Qf6 16. a4 Qg6 17. e5 Qh5 18. exd6 Qh2+ 19. Nxh2 Nxh2 20. Kxh2 cxd6 21.
Ne4 b6 22. Qg4 Rae8 23. Nf6+ Kh8 24. Nxe8 Rxe8 25. Rxe8+ Kh7 26. Qf5+ g6 27.
Qxf7# {TaralloAurian est échec et mat} 1-0

[Event "Tournament 14459 - Europe Echecs"]
[Site "Europe Echecs"]
[Date "2020.07.07"]
[Round "1"]
[Time "14:15:03"]
[PlyCount "164"]
[White "LentieulElliot"]
[Black "DesfontaineArt"]
[WhiteElo "1000"]
[BlackElo "1250"]
[Mode "WEB"]
[Result "1-0"]

1. d4 d5 2. c4 dxc4 3. e3 Nf6 4. Bxc4 Nc6 5. Nf3 Bf5 6. Nc3 Nb4 7. O-O Nc6 8. a3
e6 9. h3 Bd6 10. Nb5 O-O 11. Nxd6 Qxd6 12. Bd2 Ne4 13. Qb3 Rab8 14. Bb4 Nxb4 15.
Qxb4 Qxb4 16. axb4 Bg6 17. Rxa7 Bh5 18. Nh2 Nd2 19. Rc1 Nxc4 20. Rxc4 Rfc8 21.
Ng4 Bg6 22. Rc1 h6 23. Ne5 Be4 24. Nd7 Ra8 25. Rxa8 Rxa8 26. Rxc7 Rd8 27. Nc5
Ra8 28. Nxe4 Ra1+ 29. Kh2 Ra7 30. Nc5 Ra8 31. Rxb7 Rc8 32. Ne4 f5 33. Nd6 Rd8
34. Nc4 Kh7 35. b5 Rc8 36. Ne5 Ra8 37. Re7 Rb8 38. Rxe6 Rxb5 39. g4 fxg4 40.
hxg4 Rxb2 41. Kg3 Rb5 42. Kh4 Rb1 43. g5 Rh1+ 44. Kg4 Rg1+ 45. Kf5 g6+ 46. Rxg6
hxg5 47. Rxg5 Rf1 48. f4 Ra1 49. Rg6 Ra8 50. Kg5 Re8 51. Kh5 Rf8 52. Nf3 Rf5+
53. Ng5+ Kh8 54. Kh6 Rxf4 55. Rg8+ Kxg8 56. exf4 Kf8 57. d5 Ke7 58. f5 Kd7 59.
f6 Ke8 60. d6 Kd8 61. f7 Kd7 62. f8=Q Kc6 63. Kg6 Kd5 64. d7 Kc6 65. Nf3 Kxd7
66. Kf7 Kc6 67. Qd8 Kc5 68. Ke7 Kc4 69. Ke6 Kc3 70. Ke5 Kc4 71. Ng5 Kc3 72. Ke4
Kc2 73. Ke3 Kb1 74. Qc7 Kb2 75. Kd3 Kb1 76. Kd2 Kb2 77. Qc2+ Ka1 78. Qc8 Kb1 79.
Nf3 Ka1 80. Qb7 Ka2 81. Kc3 Ka1 82. Qb2# {DesfontaineArt est échec et mat} 1-0

[Event "Tournament 14459 - Europe Echecs"]
[Site "Europe Echecs"]
[Date "2020.07.07"]
[Round "1"]
[Time "14:15:03"]
[PlyCount "103"]
[White "DemirciNoe"]
[Black "StevensCharles"]
[WhiteElo "1240"]
[BlackElo "1000"]
[Mode "WEB"]
[Result "0-1"]

1. Nf3 Nc6 2. g3 e5 3. d3 Bc5 4. Bg2 Nf6 5. O-O O-O 6. Bg5 d6 7. Bxf6 Qxf6 8.
Nc3 Qd8 9. a3 Bg4 10. b4 Bd4 11. Qd2 Bxf3 12. Bxf3 h6 13. e3 Bb6 14. Na4 Qf6 15.
Bg2 Qg5 16. Nxb6 axb6 17. f4 Qd8 18. fxe5 dxe5 19. b5 Ne7 20. Bxb7 Ra5 21. a4
Ra7 22. Bg2 Nf5 23. e4 Nd4 24. Qc3 Ne2+ 25. Kf2 Nxc3 26. Ra3 Nxa4 27. Rfa1 Rb7
28. Rxa4 Qf6+ 29. Kg1 Rfb8 30. Ra7 Rxa7 31. Rxa7 Qd8 32. Ra1 Qd4+ 33. Kf1 Qxa1+
34. Kf2 Qc1 35. Kf3 Qxc2 36. Bh3 Qxd3+ 37. Kg4 Qxb5 38. Kh5 c5 39. Kg4 f6 40.
Kf5 c4 41. Kg6 c3 42. Be6+ Kf8 43. Bf5 c2 44. Kh7 c1=Q 45. h4 Kf7 46. g4 Ke7 47.
h5 Rf8 48. Bg6 Qc8 49. Bf5 Rh8+ 50. Kg6 Qce8+ 51. Kxg7 Qg8# {DemirciNoe est échec et mat} 0-1

[Event "Tournament 14459 - Europe Echecs"]
[Site "Europe Echecs"]
[Date "2020.07.07"]
[Round "1"]
[Time "14:15:03"]
[PlyCount "37"]
[White "BarrauArthur"]
[Black "LefortPierre"]
[WhiteElo "980"]
[BlackElo "1240"]
[Mode "WEB"]
[Result "0-1"]

1. e4 e5 2. Nf3 Nc6 3. Nc3 Nf6 4. Bc4 Bb4 5. a3 Bxc3 6. bxc3 Nxe4 7. O-O O-O 8.
Qe1 Nf6 9. d3 d5 10. Bb5 Bg4 11. Bg5 Bxf3 12. gxf3 Re8 13. c4 h6 14. cxd5 Qxd5
15. Bc4 Qxf3 16. Be3 Qh5 17. Rd1 Ng4 18. Bc5 Qxh2# {BarrauArthur est échec et mat} 0-1

[Event "Tournament 14459 - Europe Echecs"]
[Site "Europe Echecs"]
[Date "2020.07.07"]
[Round "1"]
[Time "14:15:03"]
[PlyCount "33"]
[White "ClairThibaud"]
[Black "RodriguezAugus"]
[WhiteElo "980"]
[BlackElo "1229"]
[Mode "WEB"]
[Result "0-1"]

1. d4 e6 2. Bf4 d5 3. e3 Nf6 4. Bd3 c5 5. Nf3 Nc6 6. c4 cxd4 7. Nxd4 Nxd4 8.
exd4 dxc4 9. Bxc4 Bd6 10. Bd2 O-O 11. Nc3 b6 12. O-O Bb7 13. Bg5 Qc7 14. g3 Qxc4
15. Re1 Qc6 16. Qd2 Qg2# {ClairThibaud est échec et mat} 0-1

[Event "Tournament 14459 - Europe Echecs"]
[Site "Europe Echecs"]
[Date "2020.07.07"]
[Round "1"]
[Time "14:15:03"]
[PlyCount "110"]
[White "AnseeuwEmma"]
[Black "HermantAntoine"]
[WhiteElo "1228"]
[BlackElo "980"]
[Mode "WEB"]
[Result "1-0"]

1. e4 e5 2. Nf3 Nc6 3. Nc3 Nf6 4. Bc4 Nxe4 5. Nxe4 d5 6. Bxd5 Qxd5 7. Nc3 Qd8 8.
O-O Bb4 9. Re1 Bg4 10. h3 Bxf3 11. Qxf3 O-O 12. a3 Ba5 13. Ne2 Re8 14. b4 Bb6
15. b5 Na5 16. Nc3 c6 17. bxc6 Nxc6 18. Qg3 Qf6 19. d3 Rad8 20. Bg5 Qd6 21. Bxd8
Rxd8 22. Ne4 Qd4 23. Rab1 Ba5 24. Red1 Bb6 25. c3 Qd7 26. Nd2 Qxd3 27. Qxd3 Rxd3
28. Ne4 Rxd1+ 29. Rxd1 a6 30. Nd6 Na5 31. Nc8 Bc7 32. Rd7 b5 33. Rxc7 Nb3 34.
Ne7+ Kf8 35. Nc6 g6 36. Nxe5 a5 37. Rc8+ Ke7 38. Rb8 Kd6 39. Nd3 Kc6 40. Ne5+
Kc5 41. Nxf7 a4 42. Rc8+ Kd5 43. Rd8+ Kc4 44. Ne5+ Kxc3 45. Rb8 Nc5 46. Rxb5 Nb3
47. Kh2 Nd4 48. Ra5 Kb3 49. Nd3 Kxa3 50. Nc1 Kb4 51. Rd5 Nc2 52. Rd2 Kc3 53.
Rd3+ Kb2 54. Rd4 Nxd4 55. Nd3+ {HermantAntoine a perdu au temps} 1-0

[Event "Tournament 14459 - Europe Echecs"]
[Site "Europe Echecs"]
[Date "2020.07.07"]
[Round "1"]
[Time "14:15:03"]
[PlyCount "30"]
[White "TavaresRibeiro"]
[Black "GadoisArnaud"]
[WhiteElo "1225"]
[BlackElo "950"]
[Mode "WEB"]
[Result "1-0"]

1. c4 e5 2. Nc3 Nc6 3. Nf3 Nf6 4. g3 Bb4 5. Bg2 O-O 6. O-O Bxc3 7. bxc3 d5 8.
cxd5 Nxd5 9. Bb2 Bg4 10. d4 exd4 11. cxd4 Qd7 12. Rb1 Rab8 13. Qc2 Bh3 14. Ng5
Bxg2 15. Qxh7# {GadoisArnaud est échec et mat} 1-0

[Event "Tournament 14459 - Europe Echecs"]
[Site "Europe Echecs"]
[Date "2020.07.07"]
[Round "1"]
[Time "14:15:03"]
[PlyCount "151"]
[White "PenarrubiaTom"]
[Black "CarobbioAntoin"]
[WhiteElo "950"]
[BlackElo "1220"]
[Mode "WEB"]
[Result "0-1"]

1. e4 e5 2. Nf3 Nc6 3. Nc3 Nf6 4. Bc4 d5 5. Bxd5 Nxd5 6. Nxd5 b6 7. d3 Bb7 8.
Bg5 Qd7 9. Nc3 f6 10. Bh4 g5 11. Bg3 h5 12. h3 h4 13. Bh2 O-O-O 14. Qe2 Nd4 15.
Qd2 Nxf3+ 16. gxf3 Bb4 17. O-O-O Bxc3 18. Qxc3 Qa4 19. Qc4 Qxc4 20. dxc4 Rxd1+
21. Rxd1 Ba6 22. b3 Re8 23. Rd5 c6 24. Rd6 Kc7 25. Rxf6 Rd8 26. Rf5 Rd1+ 27.
Kxd1 Bc8 28. Rxg5 Bxh3 29. Rxe5 Kd6 30. Re8+ Kd7 31. Rh8 Ke7 32. f4 Kf7 33. e5
Kg7 34. Rb8 Kf7 35. f5 Bxf5 36. a4 Ke7 37. e6 Bxe6 38. b4 Kd7 39. c5 b5 40. axb5
cxb5 41. Rb7+ Kc6 42. Rxa7 Kd5 43. c3 Kc4 44. Kc2 Bf5+ 45. Kb2 h3 46. Rd7 Bxd7
47. f4 Be6 48. c6 Bf5 49. c7 Kd3 50. Kb3 Be6+ 51. Kb2 Kc4 52. Bg3 Kd3 53. Bh2
Kc4 54. Kc2 Kd5 55. Bg1 Kc6 56. Bh2 Kxc7 57. Bg3 Bf5+ 58. Kb3 Kc6 59. Ka3 Kd5
60. Kb3 Ke4 61. Bh4 h2 62. c4 bxc4+ 63. Kxc4 h1=Q 64. b5 Qf1+ 65. Kb4 Qb1+ 66.
Ka5 Qa2+ 67. Kb6 Kd5 68. Bf2 Qxf2+ 69. Kc7 Qc5+ 70. Kb7 Qxb5+ 71. Kc7 Qc6+ 72.
Kb8 Kd6 73. Ka7 Qb5 74. Ka8 Kc7 75. Ka7 Qb7# {PenarrubiaTom est échec et mat} 0-1

[Event "Tournament 14459 - Europe Echecs"]
[Site "Europe Echecs"]
[Date "2020.07.07"]
[Round "1"]
[Time "14:15:03"]
[PlyCount "48"]
[White "DresensClement"]
[Black "WangYize"]
[WhiteElo "1220"]
[BlackElo "920"]
[Mode "WEB"]
[Result "1-0"]

1. e4 e5 2. Nf3 Nc6 3. Bc4 d6 4. h3 Nf6 5. Nc3 Be7 6. O-O O-O 7. d3 Nd4 8. Nxd4
exd4 9. Ne2 c5 10. c3 Qb6 11. cxd4 h6 12. dxc5 dxc5 13. Be3 Be6 14. Bxe6 Qxe6
15. Qc2 b6 16. d4 Qc6 17. dxc5 bxc5 18. e5 Ne4 19. f3 Ng3 20. Nxg3 c4 21. Rac1
Rac8 22. Bxa7 Rfd8 23. Nf5 Rd5 24. Nxe7+ {WangYize a abandonné} 1-0

[Event "Tournament 14459 - Europe Echecs"]
[Site "Europe Echecs"]
[Date "2020.07.07"]
[Round "1"]
[Time "14:15:03"]
[PlyCount "150"]
[White "JarryEliot"]
[Black "MarzolfSamuel"]
[WhiteElo "890"]
[BlackElo "1220"]
[Mode "WEB"]
[Result "1-0"]

1. e4 e5 2. Bc4 Bc5 3. d3 d6 4. Nf3 Nf6 5. Bg5 Bg4 6. O-O O-O 7. h3 Bh5 8. g4
Bg6 9. Nc3 h6 10. Bxf6 Qxf6 11. Nd5 Qd8 12. c3 c6 13. Ne3 Bxe3 14. fxe3 Re8 15.
Nd2 b5 16. Bb3 d5 17. exd5 cxd5 18. d4 exd4 19. cxd4 Rxe3 20. Re1 Rxe1+ 21. Qxe1
Nc6 22. Nf3 Be4 23. Nd2 Bg6 24. Qe3 Qd7 25. Nf3 Re8 26. Qc3 b4 27. Qd2 Be4 28.
Nh2 Rb8 29. Nf1 Na5 30. Ng3 Bg6 31. Nf1 Qd6 32. Ne3 Nxb3 33. axb3 Qg3+ 34. Kf1
Qxh3+ 35. Kg1 Qg3+ 36. Kf1 Qf3+ 37. Kg1 Qg3+ 38. Kf1 Qc7 39. Nxd5 Qd6 40. Ne3
Qf4+ 41. Kg1 Qg3+ 42. Kf1 Qc7 43. Nd5 Qd6 44. Ne3 Ra8 45. Nc4 Qf4+ 46. Qxf4 Bd3+
47. Ke1 Re8+ 48. Kd1 Be2+ 49. Kc1 Bxc4 50. bxc4 Re1+ 51. Kc2 Rxa1 52. c5 Rg1 53.
c6 Rg2+ 54. Kb3 a5 55. c7 a4+ 56. Kxa4 Rxb2 57. c8=Q+ Kh7 58. Qff5+ g6 59. Qfd7
Kg7 60. Qce8 Rf2 61. Qc7 Ra2+ 62. Kxb4 Rb2+ 63. Kc3 Rf2 64. d5 Rf3+ 65. Kd4 Rf1
66. d6 Rd1+ 67. Kc5 Rc1+ 68. Kb6 Rb1+ 69. Kc6 Rc1+ 70. Kb7 Rb1+ 71. Kc8 Rf1 72.
d7 Rf2 73. d8=Q g5 74. Qcxf7+ Rxf7 75. Qg8# {MarzolfSamuel est échec et mat} 1-0